000
00333nam a2200145Ia 4500
008
230718s9999 xx 000 0 und d
041
_a
Eng.
082
_a
346.34
_b
BA-T
100
_a
Bajwa,Aftab Ahmad
245
4
_a
The company law
260
_a
Pakistan
_b
Punjab law book
_c
2015
300
_a
675
650
_a
Law
999
_c
30195
_d
30195